000 00266nam a2200097Ia 4500
008 230915s9999 xx 000 0 und d
050 _aRM300.G66
100 _aJOEL G. HARDMAN
245 0 _aGOODMAN AND GILMAN'S THE PHARMACOLOGICAL BASIS OF THERAPEUTICS
942 _cBK
999 _c199537
_d199537